Islam South Asia, and The West (Record no. 20333)

MARC details
000 -LEADER
fixed length control field 00303nam a22001217a 4500
020 ## - INTERNATIONAL STANDARD BOOK NUMBER
ISBN 0-19-569835-5
082 ## - DEWEY DECIMAL CLASSIFICATION NUMBER
Classification number 297.0954 ROB
100 ## - MAIN ENTRY--AUTHOR NAME
Author name Robinson Francis
245 ## - TITLE STATEMENT
Title Islam South Asia, and The West
260 ## - PUBLICATION, DISTRIBUTION, ETC. (IMPRINT)
Place of publication New Delhi
Name of publisher Oxford University Press
Year of publication 2008
650 ## - SUBJECT ADDED ENTRY--TOPICAL TERM
Topical Term Islam-South Asia
942 ## - ADDED ENTRY ELEMENTS (KOHA)
Koha item type Books
Holdings
Home library Current library Date acquired Source of acquisition Cost, normal purchase price Full call number Accession Number Koha item type
Henry Martyn Institute Library Henry Martyn Institute Library 03/08/2017 amazon 375.00 297.0954 ROB 25192 Books
                   Copyright © 2026 | Henry Martyn Institute | Hyderabad | TS-500052 | INDIA | Implemented by hmi.edu.in
Hit-Count:

Powered by Koha